<?xml version="1.0" encoding="UTF-8"?>
<collection xmlns="http://www.loc.gov/MARC21/slim">
 <record>
  <leader>00707nam a22002175a 4500</leader>
  <controlfield tag="001">CEM.cems011027</controlfield>
  <controlfield tag="008">130507b19--##################000#0#####d</controlfield>
  <controlfield tag="005">20251022154339.0</controlfield>
  <datafield tag="245" ind1="1" ind2="0">
   <subfield code="a">El nuevo acelerador /</subfield>
   <subfield code="c">H. G. Wells</subfield>
  </datafield>
  <datafield tag="260" ind1=" " ind2=" ">
   <subfield code="a">Madrid :</subfield>
   <subfield code="b">Unidad Editorial</subfield>
  </datafield>
  <datafield tag="300" ind1=" " ind2=" ">
   <subfield code="a">93 p.</subfield>
  </datafield>
  <datafield tag="490" ind1="0" ind2=" ">
   <subfield code="a">Biblioteca El Mundo. Las novelas del verano; ;</subfield>
   <subfield code="v">33</subfield>
  </datafield>
  <datafield tag="505" ind1="0" ind2=" ">
   <subfield code="a">Los acorazados terrestres -- El bacilo robado -- Un sueño de Armageddon</subfield>
  </datafield>
  <datafield tag="020" ind1=" " ind2=" ">
   <subfield code="a">8481300721</subfield>
  </datafield>
  <datafield tag="100" ind1="1" ind2=" ">
   <subfield code="a">Wells, Herbert George.</subfield>
  </datafield>
  <datafield tag="082" ind1="0" ind2="4">
   <subfield code="a">823.8</subfield>
  </datafield>
  <datafield tag="653" ind1=" " ind2=" ">
   <subfield code="a">Literatura</subfield>
  </datafield>
  <datafield tag="653" ind1=" " ind2=" ">
   <subfield code="a">Literatura inglesa-siglo 20</subfield>
  </datafield>
  <datafield tag="653" ind1=" " ind2=" ">
   <subfield code="a">Ciencia ficción</subfield>
  </datafield>
  <datafield tag="653" ind1=" " ind2=" ">
   <subfield code="a">Cuentos ingleses</subfield>
  </datafield>
  <datafield tag="859" ind1=" " ind2=" ">
   <subfield code="a">CEMS</subfield>
   <subfield code="b">BIB. CEMS - 11 de abril</subfield>
   <subfield code="h">823.8</subfield>
   <subfield code="i">W459</subfield>
   <subfield code="p">21795.02</subfield>
   <subfield code="t">Ej.1</subfield>
  </datafield>
 </record>
</collection>
